<?xml version="1.0" encoding="UTF-8"?><?xml-stylesheet type="text/xsl" href="static/style.xsl"?><OAI-PMH xmlns="http://www.openarchives.org/OAI/2.0/" xmlns:xsi="http://www.w3.org/2001/XMLSchema-instance" xsi:schemaLocation="http://www.openarchives.org/OAI/2.0/ http://www.openarchives.org/OAI/2.0/OAI-PMH.xsd"><responseDate>2026-06-29T03:08:21Z</responseDate><request verb="GetRecord" identifier="oai:docta.ucm.es:20.500.14352/53785" metadataPrefix="marc">https://docta.ucm.es/rest/oai/request</request><GetRecord><record><header><identifier>oai:docta.ucm.es:20.500.14352/53785</identifier><datestamp>2024-07-16T14:53:44Z</datestamp><setSpec>com_20.500.14352_14</setSpec><setSpec>col_20.500.14352_21</setSpec></header><metadata><record xmlns="http://www.loc.gov/MARC21/slim" xmlns:dcterms="http://purl.org/dc/terms/" xmlns:xsi="http://www.w3.org/2001/XMLSchema-instance" xmlns:doc="http://www.lyncode.com/xoai" xsi:schemaLocation="http://www.loc.gov/MARC21/slim http://www.loc.gov/standards/marcxml/schema/MARC21slim.xsd">
   <leader>00925njm 22002777a 4500</leader>
   <datafield ind2=" " ind1=" " tag="042">
      <subfield code="a">dc</subfield>
   </datafield>
   <datafield ind2=" " ind1=" " tag="720">
      <subfield code="a">Arenas Martín, Ricardo</subfield>
      <subfield code="e">author</subfield>
   </datafield>
   <datafield ind2=" " ind1=" " tag="720">
      <subfield code="a">Martínez Catalán, José Ramón</subfield>
      <subfield code="e">author</subfield>
   </datafield>
   <datafield ind2=" " ind1=" " tag="720">
      <subfield code="a">Sánchez Martínez, Sonia</subfield>
      <subfield code="e">author</subfield>
   </datafield>
   <datafield ind2=" " ind1=" " tag="720">
      <subfield code="a">Díaz García, Florentino</subfield>
      <subfield code="e">author</subfield>
   </datafield>
   <datafield ind2=" " ind1=" " tag="720">
      <subfield code="a">Abati Gómez, Jacobo</subfield>
      <subfield code="e">author</subfield>
   </datafield>
   <datafield ind2=" " ind1=" " tag="720">
      <subfield code="a">Fernández Suárez, Javier</subfield>
      <subfield code="e">author</subfield>
   </datafield>
   <datafield ind2=" " ind1=" " tag="720">
      <subfield code="a">Andonaegui Moreno, María Del Pilar</subfield>
      <subfield code="e">author</subfield>
   </datafield>
   <datafield ind2=" " ind1=" " tag="720">
      <subfield code="a">Gómez Barreiro, Juan</subfield>
      <subfield code="e">author</subfield>
   </datafield>
   <datafield ind2=" " ind1=" " tag="260">
      <subfield code="c">2007</subfield>
   </datafield>
   <datafield ind2=" " ind1=" " tag="520">
      <subfield code="a">Allochthonous ophiolitic units in the northwestern Iberian Massif are remnants of peri-Gondwanan Paleozoic oceans sandwiched among other exotic terranes of continental and volcanic-arc derivation. All these terranes defi ne an intricate suture zone that marks the convergence and collision between Laurussia and Gondwana. The suture is defi ned by three different ophiolitic ensembles: upper ophiolitic units, lower ophiolitic units, and the Somozas mélange. The lower ophiolitic units were derived from an alternation of basalts and sediments intruded by gabbros and scarce granitoids, and they formed during the opening of a marginal basin, the Galician ocean, during Late Cambrian to Early Ordovician time. This ocean was created as a back arc by the severance of a volcanic arc that had developed at the northern margin of Gondwana and formed part of the Rheic oceanic realm. The upper ophiolitic units formed during the Early Devonian from intraoceanic subduction in the early Paleozoic lithosphere of the Rheic Ocean. These suprasubduction ophiolites were formed just before the ocean closed, preceding the collision between Gondwana and Laurussia. The Somozas mélange appears in an anomalous position at the base of the Cabo Ortegal Complex. The ophiolites involved in this tectonic mélange represent an imbricate of highly dismembered oceanic lithosphere, slivers of subducted outer edge of the Gondwanan continental margin, and Paleozoic metasediments of the northern Gondwanan platform. The ophiolites might either record the development of a different peri-Gondwanan oceanic domain, or they might be equivalent to any of the other ophiolitic ensembles, and their anomalous structural position is simply a consequence of complex thrusting.</subfield>
   </datafield>
   <datafield ind1="8" ind2=" " tag="024">
      <subfield code="a">9780813712000</subfield>
   </datafield>
   <datafield ind1="8" ind2=" " tag="024">
      <subfield code="a">10.1130/2007.1200(22).</subfield>
   </datafield>
   <datafield ind1="8" ind2=" " tag="024">
      <subfield code="a">https://hdl.handle.net/20.500.14352/53785</subfield>
   </datafield>
   <datafield ind1="8" ind2=" " tag="024">
      <subfield code="a">http://memoirs.gsapubs.org/</subfield>
   </datafield>
   <datafield ind2="0" ind1="0" tag="245">
      <subfield code="a">Paleozoic ophiolites in the Variscan suture of Galicia
(northwest Spain): Distribution, characteristics, and meaning</subfield>
   </datafield>
</record></metadata></record></GetRecord></OAI-PMH>